[Event "Africa zt 4.2 op"]
[Site "Lagos"]
[Date "2025.04.06"]
[Round "6"]
[White "Ajavon, Ayayi Jean Le Clair"]
[Black "Semeko, Lumen Paco"]
[Result "1-0"]
[WhiteElo "1794"]
[BlackElo "1727"]
[PlyCount "147"]
[EventDate "2025.04.01"]
[EventType "swiss"]
[EventRounds "9"]
[EventCountry "NGR"]
[SourceTitle "CB15_2025"]
[SourceDate "2025.04.09"]
[SourceVersion "1"]
[SourceVersionDate "2025.04.09"]
[SourceQuality "1"]

1. e4 c5 2. Nf3 Nc6 3. c3 Nf6 4. d3 e6 5. Be2 Be7 6. h3 Qc7 7. Nbd2 d5 8. Qc2 0-0 9. 0-0 b5 10. a4 b4 11. Re1 a5 12. c4 dxe4 13. dxe4 e5 14. b3 Nd4 15. Nxd4 exd4 16. Bf3 Nd7 17. Nf1 Bb7 18. Qd1 Ne5 19. Ng3 Bf6 20. Rb1 g6 21. Be2 Bg7 22. f4 Nd7 23. Qd3 h5 24. Bf3 Rfe8 25. Bd2 Nf8 26. Kf2 h4 27. Ne2 Bh6 28. e5 Ne6 29. Bd5 Nf8 30. Rbd1 Rad8 31. Bxb7 Qxb7 32. Nc1 Ne6 33. Qf3 Qe7 34. Nd3 Ng7 35. Qc6 Rc8 36. Qb6 Qc7 37. Qxc7 Rxc7 38. Kf3 Nf5 39. Re2 Ree7 40. g4 hxg3 41. Be1 Ne3 42. Rb1 g5 43. Bxg3 gxf4 44. Bxf4 Bxf4 45. Kxf4 Re6 46. Rg1+ Kh7 47. Rh2 f6 48. h4 fxe5+ 49. Ke4 Rg6 50. Rg5 Rxg5 51. hxg5+ Kg6 52. Rh6+ Kxg5 53. Ra6 Nxc4 54. bxc4 Rb7 55. Rxa5 b3 56. Rb5 Rh7 57. Rxb3 Rh2 58. Nxc5 Re2+ 59. Kd5 Kf4 60. Ne6+ Kf5 61. Nxd4+ exd4 62. Kxd4 Ra2 63. Rb4 Ke6 64. Kc5 Kd7 65. Kb6 Kc8 66. a5 Kb8 67. c5 Ka8 68. c6 Kb8 69. a6 Ka8 70. c7 Rxa6+ 71. Kc5 Ra5+ 72. Kc4 Rc5+ 73. Kxc5 Ka7 74. Rb8 1-0

[Event "Olympiad-45"]
[Site "Budapest"]
[Date "2024.09.11"]
[Round "1.62"]
[White "Semeko, Lumen Paco"]
[Black "Risteski, Emil"]
[Result "0-1"]
[WhiteElo "1740"]
[BlackElo "2367"]
[PlyCount "68"]
[EventDate "2024.09.11"]
[EventType "team-swiss"]
[EventRounds "11"]
[EventCountry "HUN"]
[SourceTitle "EXT 2025"]
[Source "ChessBase"]
[SourceDate "2024.10.14"]
[SourceVersion "1"]
[SourceVersionDate "2024.10.14"]
[SourceQuality "1"]
[WhiteTeam "Togo"]
[BlackTeam "North Macedonia"]
[WhiteTeamCountry "TOG"]
[BlackTeamCountry "MKD"]

1. Nf3 Nf6 2. b3 d5 3. Bb2 e6 4. e3 Bd6 5. d4 0-0 6. Bd3 b6 7. Nbd2 c5 8. c4 cxd4 9. exd4 Bb7 10. 0-0 Nc6 11. Ne5 dxc4 12. Ndxc4 Be7 13. Rc1 Rc8 14. Nxc6 Rxc6 15. Be2 Nd5 16. a3 Bg5 17. Rc2 Qc7 18. Bd3 b5 19. Ne5 Rxc2 20. Bxc2 Nf4 21. f3 Rc8 22. Be4 Bxe4 23. fxe4 Qc2 24. Qxc2 Rxc2 25. Ba1 f6 26. Nf3 Rxg2+ 27. Kh1 Re2 28. Nxg5 fxg5 29. h4 gxh4 30. Rxf4 Re1+ 31. Kg2 Rxa1 32. d5 exd5 33. exd5 Rd1 34. Rf5 Rd3 0-1

[Event "Africa zt 4.2 op"]
[Site "Dimbokro"]
[Date "2023.03.31"]
[Round "9"]
[White "Semeko, Lumen Paco"]
[Black "Joel, O Ebiekuta"]
[Result "0-1"]
[WhiteElo "1483"]
[BlackElo "1855"]
[PlyCount "96"]
[EventDate "2023.03.25"]
[EventType "swiss"]
[EventRounds "9"]
[EventCountry "IVO"]
[SourceTitle "CBM 213 Extra"]
[Source "ChessBase"]
[SourceDate "2023.05.31"]
[SourceVersion "1"]
[SourceVersionDate "2023.05.31"]
[SourceQuality "1"]

1. b3 Nf6 2. Bb2 d5 3. Nf3 c5 4. e3 Nc6 5. Bb5 g6 6. h3 Bg7 7. c4 dxc4 8. Bxc6+ bxc6 9. bxc4 Qd3 10. Qb3 Qd6 11. Nc3 0-0 12. 0-0 Rd8 13. Na4 Rb8 14. Be5 Rxb3 15. Bxd6 Ra3 16. Bxe7 Re8 17. Bxf6 Bxf6 18. Nc3 Bf5 19. Rac1 Bd3 20. Rfd1 Rb8 21. Ne1 Bf5 22. d4 cxd4 23. exd4 Bg5 24. d5 Bxc1 25. Rxc1 cxd5 26. Nxd5 Be6 27. Nf4 Rxa2 28. Nxe6 fxe6 29. c5 Rc8 30. Nd3 Kf8 31. c6 Ke7 32. Ne5 a5 33. Rb1 Rc7 34. Rb8 g5 35. g3 a4 36. f4 gxf4 37. gxf4 Kd6 38. Rd8+ Kc5 39. Nd3+ Kb6 40. Ne5 Rc2 41. Rb8+ Ka6 42. Nd3 R2xc6 43. Nb4+ Ka5 44. Nxc6+ Rxc6 45. Rh8 a3 46. Rd8 a2 47. Rd1 Rc2 48. h4 Rb2 0-1

[Event "Africa zt 4.2 op"]
[Site "Dimbokro"]
[Date "2023.03.29"]
[Round "6"]
[White "Semeko, Lumen Paco"]
[Black "Mambe, Lobognon Anderson"]
[Result "1/2-1/2"]
[WhiteElo "1483"]
[BlackElo "1916"]
[PlyCount "44"]
[EventDate "2023.03.25"]
[EventType "swiss"]
[EventRounds "9"]
[EventCountry "IVO"]
[SourceTitle "CBM 213 Extra"]
[Source "ChessBase"]
[SourceDate "2023.05.31"]
[SourceVersion "1"]
[SourceVersionDate "2023.05.31"]
[SourceQuality "1"]

1. b3 e6 2. Bb2 Nf6 3. Nf3 d5 4. e3 Nbd7 5. c4 Be7 6. Be2 0-0 7. 0-0 c6 8. d4 Bd6 9. h3 h6 10. a3 Re8 11. Nbd2 Qe7 12. c5 Bc7 13. b4 a6 14. Qc2 e5 15. dxe5 Nxe5 16. Nxe5 Bxe5 17. Bxe5 Qxe5 18. Nf3 Qh5 19. Nd4 Qg5 20. Nf3 Qh5 21. Nd4 Qh4 22. Nf3 Qh5 1/2-1/2

[Event "Tema op 7th"]
[Site "Tema"]
[Date "2022.01.08"]
[Round "3"]
[White "Bonsu, Kwadwo Owusu Bempa"]
[Black "Semeko, Lumen Paco"]
[Result "0-1"]
[WhiteElo "1719"]
[BlackElo "1325"]
[PlyCount "53"]
[EventDate "2022.01.07"]
[EventType "swiss"]
[EventRounds "7"]
[EventCountry "GHA"]
[SourceTitle "EXT 2023"]
[Source "ChessBase"]
[SourceDate "2022.10.05"]
[SourceVersion "1"]
[SourceVersionDate "2022.10.05"]
[SourceQuality "1"]

1. c4 Nf6 2. Nc3 c5 3. Nf3 d5 4. cxd5 Nxd5 5. Qb3 Nxc3 6. bxc3 e6 7. e4 Nc6 8. Be2 Be7 9. 0-0 0-0 10. Rd1 a6 11. a4 e5 12. Bb2 Qc7 13. Rac1 Be6 14. Qc2 f5 15. d4 fxe4 16. Qxe4 Bb3 17. Rd2 exd4 18. cxd4 Rfe8 19. d5 Bg5 20. Qxe8+ Rxe8 21. Nxg5 Bxd5 22. Rxd5 Rxe2 23. Ba1 h6 24. Nf3 b6 25. Rcd1 Nd4 26. Nxd4 cxd4 27. R5xd4 0-1